000 00485nam a22001697a 4500
003 0
005 20230621083142.0
008 230621b xxu||||| |||| 00| 0 eng d
020 _a978-971-009-239-0
082 _aER
_b.Go573 2013
245 _aBee healthy
_cGo, Joyce Piap
260 _aMandaluyong City
_bOMF Literature, Inc.
_cc2013
300 _a32pp.
_bcol. ill.
_c16cm.
500 _aChildren-Nutrition-Juvenile literature.
500 _aChildren-Nutrition.
942 _2ddc
_cER
999 _c365071
_d365071